| 000 | 00568cam a2200217 4500 | ||
|---|---|---|---|
| 001 | ABS60934 | ||
| 008 | 000000n1999 000 0 eng u | ||
| 035 | _a(Sirsi) u101479 | ||
| 245 | _aFocus '99: Dorset and South Wiltshire. | ||
| 260 | _c1999 | ||
| 490 |
_aEstates Gazette _v(9929) 24 July 1999, 71-91(10) |
||
| 650 | _aDORSET | ||
| 650 | _aWILTSHIRE | ||
| 650 | _aBOURNEMOUTH | ||
| 650 | _aPOOLE | ||
| 650 | _aDORCHESTER | ||
| 650 | _aWEYMOUTH | ||
| 650 | _aSALISBURY | ||
| 690 | _aPROPERTY-COMMERCIAL PROPERTY-COMMERCIAL PROPERTY MARKET | ||
| 942 | _n0 | ||
| 999 |
_c60612 _d60612 |
||